000
00311nam a2200109Ia 4500
008
171211s9999 xx 000 0 und d
245
_a
Birds of Peru (Princeton Field Guides)
245
_c
Thomas S. Schulenberg
260
_c
2007
650
_x
ANIMALS
856
_u
http://down.ebook777.com/057/9780691130231.pdf
999
_c
348412
_d
348412